| 000 | 00804nam a2200205Ia 4500 | ||
|---|---|---|---|
| 003 | Ost | ||
| 005 | 20260507075707.0 | ||
| 008 | 260507s9999||||xx |||||||||||||| ||und|| | ||
| 020 | _a9789947037553 | ||
| 040 | _cfsecg | ||
| 041 | _aara | ||
| 082 | _a310 | ||
| 100 |
_aتيلولت، سامية _eمؤلف |
||
| 245 | 0 |
_aتمارين في الاحصاء : _bأعمال موجهة و حلول : موجه للاقتصاديين و التجاريين و المسييرين / _c سامية تيلولت |
|
| 260 |
_aالجزائر: _bدار الحديث للكتاب, _c2013 |
||
| 300 |
_a128 صفحة؛ _bإيضاحات ؛ _c24 سم |
||
| 520 | _aالارتباط و الانحدار، الأرقام القياسية، السلاسل الزمنية. | ||
| 653 | _aالاحصاء | ||
| 942 | _cكتاب | ||
| 999 |
_c45876 _d45876 |
||